[Event "Montevideo Duchamp Cup 4th"]
[Site "Montevideo"]
[Date "2020.02.09"]
[Round "2"]
[White "Benoit, Rodrigo"]
[Black "Vieira, Alexandre Letizio"]
[Result "1-0"]
[WhiteElo "2170"]
[BlackElo "1722"]
[PlyCount "63"]
[EventDate "2020.02.08"]
[EventType "swiss"]
[EventRounds "9"]
[EventCountry "URU"]
[SourceTitle "CBM 194 Extra"]
[Source "ChessBase"]
[SourceDate "2020.03.31"]
[SourceVersion "1"]
[SourceVersionDate "2020.03.31"]
[SourceQuality "1"]

1. c4 c5 2. g3 g6 3. Bg2 Bg7 4. Nf3 Nf6 5. 0-0 0-0 6. d4 cxd4 7. Nxd4 Nc6 8. Nc2 d6 9. Nc3 a6 10. h3 Rb8 11. Rb1 Bd7 12. e4 Ne5 13. b3 Qc8 14. f4 Nc6 15. Kh2 Ng4+ 16. hxg4 Bxc3 17. g5 b5 18. Qd3 Bg7 19. Bd2 bxc4 20. bxc4 Rxb1 21. Rxb1 Qc7 22. Ne3 e6 23. Qa3 Rb8 24. Rxb8+ Qxb8 25. Qxa6 Qb2 26. Qa8+ Bf8 27. Ng4 Qb8 28. Nf6+ Kg7 29. Qa4 Qc7 30. Bc3 e5 31. Bh3 exf4 32. Nxd7+ 1-0

[Event "Montevideo Duchamp Cup 3rd"]
[Site "Montevideo"]
[Date "2019.02.15"]
[Round "8"]
[White "Siddeley, Hugh"]
[Black "Benoit, Rodrigo"]
[Result "0-1"]
[WhiteElo "1968"]
[BlackElo "2189"]
[PlyCount "92"]
[EventDate "2019.02.09"]
[EventType "swiss"]
[EventRounds "9"]
[EventCountry "URU"]
[SourceTitle "CBM 188 Extra"]
[Source "ChessBase"]
[SourceDate "2019.02.28"]
[SourceVersion "1"]
[SourceVersionDate "2019.02.28"]
[SourceQuality "1"]

1. d4 f5 2. g3 g6 3. Bg2 Bg7 4. Nh3 Nf6 5. 0-0 0-0 6. c4 e6 7. d5 Qe7 8. Nc3 e5 9. Qc2 h6 10. Rb1 d6 11. f3 c6 12. Nf2 c5 13. b4 cxb4 14. Rxb4 Na6 15. Rb5 Nc5 16. Ba3 b6 17. Bxc5 bxc5 18. e4 h5 19. Re1 h4 20. Bh3 Nh5 21. Nh1 Bh6 22. Rb2 Kh8 23. Bf1 Rf7 24. Bd3 Qf8 25. Qe2 Bd7 26. exf5 gxf5 27. f4 Nf6 28. fxe5 dxe5 29. Qf1 e4 30. Bb1 Ng4 31. Rbe2 Ne5 32. Rf2 e3 33. Rf4 Bxf4 34. Qxf4 Ng6 35. Qg5 Qg7 36. Rxe3 Qf6 37. gxh4 Nxh4 38. Qf4 Rg7+ 39. Ng3 Rg4 40. Qf2 Rb8 41. Qc2 Qd4 42. Kf2 Qf4+ 43. Ke2 Qxc4+ 44. Kf2 Rf4+ 45. Kg1 Qd4 46. Nd1 Ba4 0-1

[Event "Montevideo Duchamp Cup 3rd"]
[Site "Montevideo"]
[Date "2019.02.11"]
[Round "4"]
[White "Benoit, Rodrigo"]
[Black "Avedisian, Alexander"]
[Result "1-0"]
[WhiteElo "2189"]
[BlackElo "1921"]
[PlyCount "59"]
[EventDate "2019.02.09"]
[EventType "swiss"]
[EventRounds "9"]
[EventCountry "URU"]
[SourceTitle "CBM 188 Extra"]
[Source "ChessBase"]
[SourceDate "2019.02.28"]
[SourceVersion "1"]
[SourceVersionDate "2019.02.28"]
[SourceQuality "1"]

1. c4 g6 2. d4 Nf6 3. g3 Bg7 4. Bg2 0-0 5. e4 d6 6. Ne2 Na6 7. 0-0 e5 8. Nbc3 exd4 9. Nxd4 Bg4 10. f3 Bd7 11. Be3 Re8 12. Re1 Nc5 13. Qd2 Ne6 14. Nc2 a5 15. b3 Bc6 16. Rac1 Nd7 17. Nd5 Ne5 18. h3 a4 19. f4 axb3 20. axb3 Nd7 21. b4 Bh6 22. Ra1 Rxa1 23. Rxa1 Nb6 24. Nxb6 cxb6 25. b5 Bxe4 26. Bxe4 Nxf4 27. Bxf4 g5 28. Qxd6 Qxd6 29. Bxd6 Rxe4 30. Nd4 1-0

[Event "Montevideo Duchamp Cup 3rd"]
[Site "Montevideo"]
[Date "2019.02.09"]
[Round "1"]
[White "Palacio, Enzo"]
[Black "Benoit, Rodrigo"]
[Result "0-1"]
[WhiteElo "1626"]
[BlackElo "2189"]
[PlyCount "160"]
[EventDate "2019.02.09"]
[EventType "swiss"]
[EventRounds "9"]
[EventCountry "URU"]
[SourceTitle "CBM 188 Extra"]
[Source "ChessBase"]
[SourceDate "2019.02.28"]
[SourceVersion "1"]
[SourceVersionDate "2019.02.28"]
[SourceQuality "1"]

1. e4 g6 2. d4 Bg7 3. Nf3 d6 4. c4 Nf6 5. Nc3 0-0 6. Be2 c5 7. d5 Na6 8. 0-0 Nc7 9. Qc2 Rb8 10. Bf4 Bd7 11. Nd2 Nfe8 12. a4 e5 13. dxe6 Nxe6 14. Be3 N8c7 15. Nf3 Qe7 16. Rad1 Bc6 17. Rfe1 Rfd8 18. Nd5 Qf8 19. b3 Re8 20. Bf1 b6 21. Qd2 Na6 22. g3 Rbd8 23. Bg2 Nec7 24. Bg5 f6 25. Bf4 Nxd5 26. exd5 Bd7 27. Rxe8 Rxe8 28. Re1 Rxe1+ 29. Qxe1 Nb4 30. Qe2 Kf7 31. Nd2 f5 32. Nf3 h6 33. Bd2 a5 34. Ne1 Qe7 35. Kf1 Qxe2+ 36. Kxe2 g5 37. f4 Kg6 38. Nd3 Nc2 39. Nc1 Bb2 40. Nd3 Bd4 41. h3 Ba1 42. Nc1 Bb2 43. Nd3 Nd4+ 44. Kd1 Ba3 45. fxg5 hxg5 46. h4 gxh4 47. gxh4 Nxb3 48. Bf4 Bxa4 49. Bxd6 Nc1+ 50. Kd2 Nxd3 51. Kxd3 Kh5 52. Bh3 Bd7 53. Be7 Bb4 54. Bd8 a4 55. Bg2 b5 56. Bf3+ Kh6 57. cxb5 Bxb5+ 58. Kc2 Kg6 59. h5+ Kh7 60. Bf6 Bd7 61. Kb2 Be1 62. Be2 Bf2 63. Bd1 Bd4+ 64. Bxd4 cxd4 65. Ka3 d3 66. Kb2 f4 67. Kc3 a3 68. Bb3 Kh6 69. Kxd3 Kxh5 70. Bd1+ Kg5 71. Kc3 Kf6 72. Bf3 Ba4 73. Bg2 Ke5 74. Bh1 Bd1 75. Bg2 Be2 76. Bh1 a2 77. Kb2 Bc4 78. d6 Kxd6 79. Bf3 Ke5 80. Bg4 Kd4 0-1

[Event "American Continental 14th"]
[Site "Montevideo"]
[Date "2018.06.07"]
[Round "7"]
[White "Benoit, Rodrigo"]
[Black "Da Silva Junior, Sediney Mari"]
[Result "1-0"]
[WhiteElo "2238"]
[BlackElo "1990"]
[PlyCount "95"]
[EventDate "2018.06.01"]
[EventType "swiss"]
[EventRounds "11"]
[EventCountry "URU"]
[SourceTitle "CBM 184 Extra"]
[Source "ChessBase"]
[SourceDate "2018.06.28"]
[SourceVersion "1"]
[SourceVersionDate "2018.06.28"]
[SourceQuality "1"]

1. d4 f5 2. Nf3 Nf6 3. Bf4 d6 4. e3 c6 5. c4 Qa5+ 6. Nc3 Ne4 7. Qc2 Nd7 8. Nd2 Nxd2 9. Qxd2 e5 10. Bg3 Be7 11. Be2 0-0 12. 0-0 Nf6 13. b4 Qxb4 14. dxe5 dxe5 15. Bxe5 Ne4 16. Nxe4 fxe4 17. Qc2 Bf5 18. Rab1 Qa5 19. Qb2 Ba3 20. Qa1 Rf7 21. Rfd1 Raf8 22. c5 Be6 23. Bd6 Bb4 24. Qe5 Bxa2 25. Bxf8 Bc3 26. Qd6 Rf6 27. Qb8 Rxf8 28. Qxb7 Bxb1 29. Qxb1 Qxc5 30. Qxe4 Ba5 31. Bd3 Qh5 32. Bc4+ Kh8 33. Rd7 Qc5 34. h4 Be1 35. Rf7 Rxf7 36. Bxf7 Qf8 37. Qe6 a5 38. h5 c5 39. h6 Bc3 40. e4 Qb8 41. Qf5 Be5 42. g3 gxh6 43. f4 Bd4+ 44. Kg2 Qc7 45. e5 Qc6+ 46. Kh2 Kg7 47. Be6 Qe8 48. Qf6# 1-0

[Event "Montevideo Duchamp Cup 2nd"]
[Site "Montevideo"]
[Date "2018.02.07"]
[Round "8"]
[White "Vaz Lacuesta, Leonardo"]
[Black "Benoit, Rodrigo"]
[Result "0-1"]
[WhiteElo "2131"]
[BlackElo "2228"]
[PlyCount "100"]
[EventDate "2018.02.02"]
[EventType "swiss"]
[EventRounds "9"]
[EventCountry "URU"]
[SourceTitle "CBM 182 Extra"]
[Source "ChessBase"]
[SourceDate "2018.02.23"]
[SourceVersion "1"]
[SourceVersionDate "2018.02.23"]
[SourceQuality "1"]

1. d4 Nf6 2. Bf4 d5 3. e3 Bf5 4. Nf3 e6 5. Nbd2 c6 6. c3 Nbd7 7. Nh4 Bg4 8. Qc2 Nh5 9. Nhf3 Nxf4 10. exf4 Bd6 11. g3 Bf5 12. Bd3 Bxd3 13. Qxd3 c5 14. c4 dxc4 15. Nxc4 Be7 16. dxc5 Nxc5 17. Qxd8+ Rxd8 18. 0-0 0-0 19. b4 Nd3 20. a3 Rc8 21. Nce5 Rfd8 22. Nxd3 Rxd3 23. Ne5 Rdd8 24. Rac1 f6 25. Nc4 b6 26. Ne3 g6 27. Rfd1 Rxd1+ 28. Rxd1 Rc7 29. Rd3 b5 30. Kf1 Kf7 31. Ke2 Ke8 32. g4 f5 33. gxf5 gxf5 34. Nd1 h5 35. Nc3 a6 36. Ke3 Rc4 37. Ne2 Rc7 38. Nd4 Kf7 39. Nf3 Bf6 40. Ne5+ Ke7 41. Ng6+ Ke8 42. Ne5 Be7 43. Kd2 Rc8 44. Rh3 h4 45. Ng6 a5 46. Nxe7 Kxe7 47. Rb3 a4 48. Rh3 Rd8+ 49. Ke2 Rg8 50. Kd3 Rh8 0-1

[Event "Montevideo Duchamp Cup 2nd"]
[Site "Montevideo"]
[Date "2018.02.03"]
[Round "2"]
[White "Guisande, Fernando"]
[Black "Benoit, Rodrigo"]
[Result "0-1"]
[WhiteElo "1923"]
[BlackElo "2228"]
[PlyCount "106"]
[EventDate "2018.02.02"]
[EventType "swiss"]
[EventRounds "9"]
[EventCountry "URU"]
[SourceTitle "CBM 182 Extra"]
[Source "ChessBase"]
[SourceDate "2018.02.23"]
[SourceVersion "1"]
[SourceVersionDate "2018.02.23"]
[SourceQuality "1"]

1. e4 e5 2. Nf3 Nc6 3. Bb5 a6 4. Ba4 Nf6 5. 0-0 Be7 6. c3 Nxe4 7. Re1 Nc5 8. Bxc6 bxc6 9. Nxe5 0-0 10. d4 Ne6 11. Be3 f6 12. Nd3 d5 13. Nd2 Kh8 14. b4 Bd7 15. f4 g6 16. a3 a5 17. Nb3 axb4 18. axb4 Rxa1 19. Qxa1 Qa8 20. Qb2 Re8 21. h3 Qc8 22. g4 Bd6 23. Qf2 Ng7 24. Nbc5 Re7 25. Nxd7 Qxd7 26. Bd2 Qe8 27. Rxe7 Qxe7 28. Qe3 Qxe3+ 29. Bxe3 Kg8 30. Kf2 Kf7 31. Kf3 Ke6 32. Bd2 Ne8 33. Be3 Bf8 34. Bd2 Nd6 35. Nc5+ Kf7 36. Na6 Nb5 37. Nb8 Na7 38. h4 Ke6 39. Na6 Bd6 40. Nb8 f5 41. g5 Ke7 42. Kg3 Kd8 43. h5 Kc8 44. Na6 Kb7 45. Nc5+ Bxc5 46. dxc5 Ka6 47. hxg6 hxg6 48. Kf3 Kb5 49. Ke2 Kc4 50. Kd1 Kd3 51. Kc1 Nb5 52. c4 dxc4 53. Be1 c3 0-1

[Event "Montevideo Bouza Memorial"]
[Site "Montevideo"]
[Date "2017.07.12"]
[Round "1"]
[White "Milans, Carlos"]
[Black "Benoit, Rodrigo"]
[Result "0-1"]
[WhiteElo "1862"]
[BlackElo "2206"]
[PlyCount "132"]
[EventDate "2017.07.12"]
[EventType "swiss"]
[EventRounds "7"]
[EventCountry "URU"]
[SourceTitle "EXT 2018"]
[Source "ChessBase"]
[SourceDate "2017.10.13"]
[SourceVersion "1"]
[SourceVersionDate "2017.10.13"]
[SourceQuality "1"]

1. Nf3 d5 2. c4 c6 3. g3 Nf6 4. Bg2 g6 5. 0-0 Bg7 6. cxd5 cxd5 7. d4 0-0 8. Nc3 Nc6 9. h3 h6 10. Be3 Bf5 11. a3 Rc8 12. Rc1 Na5 13. Nd2 Be6 14. Na4 b6 15. b3 Rxc1 16. Qxc1 Qd7 17. Nc3 Bxh3 18. b4 Nb7 19. Nf3 Bxg2 20. Kxg2 Ng4 21. Bd2 Rc8 22. Qb1 e6 23. Rc1 Nd6 24. e3 Nc4 25. Qa2 Qe7 26. e4 dxe4 27. Nxe4 Nd6 28. Rxc8+ Nxc8 29. Qc4 Qb7 30. Qd3 Ne7 31. Kf1 Qc6 32. Ne5 Nxe5 33. dxe5 Nd5 34. f4 b5 35. Kf2 Bf8 36. Be3 a6 37. Bc5 Bxc5+ 38. Nxc5 Kg7 39. Qd2 a5 40. g4 axb4 41. axb4 Qc7 42. Qd4 Qd8 43. Kf3 Qa8 44. f5 Qa3+ 45. Nd3 Nxb4 46. f6+ Kh7 47. Qxb4 Qxd3+ 48. Kf2 Qc2+ 49. Kf3 Qd3+ 50. Kf2 Kg8 51. Qd6 Qc2+ 52. Kf3 Qc8 53. Kf2 Qa8 54. Qd2 g5 55. Qd6 Qa2+ 56. Kf3 Qb3+ 57. Ke2 Qc4+ 58. Ke1 Qe4+ 59. Kf2 Qxg4 60. Qd8+ Kh7 61. Qf8 Qf5+ 62. Kg1 Qg6 63. Qb4 g4 64. Qxb5 h5 65. Qe2 Qf5 66. Qe3 Kg6 0-1

[Event "Villa Martelli zt 2.5"]
[Site "Villa Martelli"]
[Date "2017.05.04"]
[Round "6"]
[White "Benoit, Rodrigo"]
[Black "Valerga, Diego"]
[Result "0-1"]
[WhiteElo "2168"]
[BlackElo "2452"]
[PlyCount "58"]
[EventDate "2017.04.30"]
[EventType "swiss"]
[EventRounds "9"]
[EventCountry "ARG"]
[SourceTitle "CBM 178 Extra"]
[Source "ChessBase"]
[SourceDate "2017.06.22"]
[SourceVersion "1"]
[SourceVersionDate "2017.06.22"]
[SourceQuality "1"]

1. e4 Nf6 2. e5 Nd5 3. d4 d6 4. c4 Nb6 5. exd6 cxd6 6. Nf3 g6 7. Be2 Bg7 8. 0-0 0-0 9. h3 Bf5 10. Nc3 Nc6 11. Be3 d5 12. c5 Nc4 13. Bxc4 dxc4 14. d5 Nb4 15. Ne1 Bxc3 16. bxc3 Nxd5 17. Bd4 Nf4 18. Qf3 Qc7 19. Be3 e5 20. g4 Bd7 21. Bxf4 exf4 22. Ng2 Qxc5 23. Qxf4 Rad8 24. Ne3 Be6 25. Rfd1 Rd3 26. Rxd3 cxd3 27. c4 Rd8 28. Rd1 Qd4 29. Qg5 Rd7 0-1

[Event "Villa Martelli zt 2.5"]
[Site "Villa Martelli"]
[Date "2017.05.04"]
[Round "5"]
[White "Sosa, Tomas"]
[Black "Benoit, Rodrigo"]
[Result "1/2-1/2"]
[WhiteElo "2467"]
[BlackElo "2168"]
[PlyCount "100"]
[EventDate "2017.04.30"]
[EventType "swiss"]
[EventRounds "9"]
[EventCountry "ARG"]
[SourceTitle "CBM 178 Extra"]
[Source "ChessBase"]
[SourceDate "2017.06.22"]
[SourceVersion "1"]
[SourceVersionDate "2017.06.22"]
[SourceQuality "1"]

1. e4 e5 2. Nf3 Nc6 3. Bb5 a6 4. Ba4 Nf6 5. 0-0 Be7 6. Re1 b5 7. Bb3 d6 8. c3 0-0 9. d4 Nd7 10. Nbd2 Na5 11. Bc2 c5 12. d5 Nb6 13. Nf1 Bf6 14. b3 g6 15. h3 Bg7 16. g4 Nb7 17. Bg5 Qc7 18. Ng3 c4 19. b4 a5 20. a3 axb4 21. axb4 Rxa1 22. Qxa1 Bd7 23. Be3 Na4 24. Bb1 Ra8 25. Qa3 Ra6 26. Qc1 Qd8 27. Kh2 Qe7 28. Rg1 Kh8 29. Bg5 Bf6 30. Bh6 Ra8 31. Qd2 Nb6 32. Qe3 Qd8 33. Ng5 Be8 34. h4 Bg7 35. Nh3 Bd7 36. Bxg7+ Kxg7 37. Nf5+ Kh8 38. Nh6 Be8 39. f4 Kg7 40. fxe5 dxe5 41. g5 Nd6 42. Nf2 Bd7 43. Nfg4 Bxg4 44. Nxg4 Nd7 45. Rf1 Ra1 46. Nf6 Nxf6 47. gxf6+ Kg8 48. h5 Ne8 49. Qg5 Qd6 50. Rh1 Ra3 1/2-1/2

[Event "Villa Martelli zt 2.5"]
[Site "Villa Martelli"]
[Date "2017.04.30"]
[Round "1"]
[White "Bulgarini Torre, Marco"]
[Black "Benoit, Rodrigo"]
[Result "0-1"]
[WhiteElo "1869"]
[BlackElo "2168"]
[PlyCount "70"]
[EventDate "2017.04.30"]
[EventType "swiss"]
[EventRounds "9"]
[EventCountry "ARG"]
[SourceTitle "CBM 178 Extra"]
[Source "ChessBase"]
[SourceDate "2017.06.22"]
[SourceVersion "1"]
[SourceVersionDate "2017.06.22"]
[SourceQuality "1"]

1. e4 e5 2. Nf3 Nc6 3. Bc4 Bc5 4. Nc3 Nf6 5. Nd5 0-0 6. d4 exd4 7. Bg5 Be7 8. Nxe7+ Qxe7 9. 0-0 Qxe4 10. Re1 Qg4 11. h3 Qh5 12. Bxf6 gxf6 13. Re4 d6 14. Rh4 Qg6 15. Bd3 f5 16. Rg4 fxg4 17. Bxg6 hxg6 18. Nxd4 gxh3 19. Nxc6 bxc6 20. Qf3 Bd7 21. g4 Rfe8 22. Rd1 Rab8 23. b3 Rb4 24. c4 Rbb8 25. Kh2 Re5 26. Kxh3 Rbe8 27. Qc3 Re4 28. Rg1 R8e5 29. Kg3 f5 30. gxf5 Bxf5 31. Kg2 Re2 32. Qc1 Be4+ 33. Kf1 Rxa2 34. Qh6 Re6 35. f3 Bd3# 0-1

[Event "URU-ch"]
[Site "Montevideo"]
[Date "2017.03.31"]
[Round "7"]
[White "Benoit, Rodrigo"]
[Black "Saralegui Cassan, Mario"]
[Result "1-0"]
[WhiteElo "2114"]
[BlackElo "2111"]
[PlyCount "55"]
[EventDate "2017.03.25"]
[EventType "swiss"]
[EventRounds "9"]
[EventCountry "URU"]
[SourceTitle "CBM 177 Extra"]
[Source "ChessBase"]
[SourceDate "2017.04.27"]
[SourceVersion "1"]
[SourceVersionDate "2017.04.27"]
[SourceQuality "1"]

1. c4 e6 2. g3 d5 3. d4 Nf6 4. Bg2 c5 5. cxd5 exd5 6. Nf3 Nc6 7. 0-0 Be7 8. Nc3 0-0 9. Bf4 c4 10. Ne5 Bf5 11. h3 h6 12. Rc1 Rc8 13. Kh2 Qa5 14. Bd2 Qd8 15. Nxd5 Nxd5 16. e4 Be6 17. exd5 Bxd5 18. Bxd5 Qxd5 19. Nxc4 Nxd4 20. Ne3 Nf3+ 21. Kg2 Qxd2 22. Rxc8 Rxc8 23. Qxf3 Qxb2 24. Nf5 Qb4 25. Rb1 Qc5 26. Rb5 Qa3 27. Qg4 Rc6 28. Qxg7# 1-0

[Event "URU-ch sf"]
[Site "Montevideo"]
[Date "2017.02.27"]
[Round "7"]
[White "Benoit, Rodrigo"]
[Black "Muniz, Rafael"]
[Result "1-0"]
[WhiteElo "2114"]
[BlackElo "2292"]
[PlyCount "71"]
[EventDate "2017.02.24"]
[EventType "swiss"]
[EventRounds "8"]
[EventCountry "URU"]
[SourceTitle "CBM 177 Extra"]
[Source "ChessBase"]
[SourceDate "2017.04.27"]
[SourceVersion "1"]
[SourceVersionDate "2017.04.27"]
[SourceQuality "1"]

1. Nf3 c5 2. c4 b6 3. e3 Nf6 4. Be2 e6 5. d4 Bb7 6. 0-0 d6 7. Nc3 a6 8. Qb3 Nbd7 9. a4 Qc7 10. d5 exd5 11. cxd5 g6 12. e4 Bg7 13. Bf4 0-0 14. Nd2 Ne8 15. Nc4 Kh8 16. Bg4 Rb8 17. Bxd7 Qxd7 18. Nxb6 Qd8 19. a5 f5 20. exf5 Rxf5 21. Bg3 Nf6 22. Qc4 Nh5 23. Rae1 Nxg3 24. fxg3 Bc8 25. Rxf5 Bxf5 26. Qxa6 Qg5 27. Qe2 Bg4 28. Qe7 Qd2 29. Nc4 Bd4+ 30. Kh1 Qf2 31. Nd1 Bxd1 32. Rxd1 Rf8 33. Qe1 Qf7 34. Nxd6 Qxd5 35. Nb5 Rf2 36. Qxf2 1-0

[Event "URU-ch sf"]
[Site "Montevideo"]
[Date "2017.02.25"]
[Round "2"]
[White "Larrea, Manuel"]
[Black "Benoit, Rodrigo"]
[Result "1/2-1/2"]
[WhiteElo "2300"]
[BlackElo "2114"]
[PlyCount "123"]
[EventDate "2017.02.24"]
[EventType "swiss"]
[EventRounds "8"]
[EventCountry "URU"]
[SourceTitle "CBM 177 Extra"]
[Source "ChessBase"]
[SourceDate "2017.04.27"]
[SourceVersion "1"]
[SourceVersionDate "2017.04.27"]
[SourceQuality "1"]

1. e4 e5 2. Nf3 Nc6 3. Bc4 Bc5 4. c3 Nf6 5. d4 exd4 6. cxd4 Bb4+ 7. Nbd2 d5 8. exd5 Nxd5 9. 0-0 0-0 10. a3 Be7 11. Re1 Bf5 12. b4 Bf6 13. Bb2 Nb6 14. Bb3 Nxd4 15. Nxd4 Bxd4 16. Bxd4 Qxd4 17. Nf3 Qf6 18. Qd4 Rfe8 19. Qxf6 gxf6 20. Nd4 Bd7 21. Rec1 Re4 22. Nf3 c6 23. Bc2 Re7 24. Nd4 Rd8 25. Nb3 Nd5 26. Nc5 Bc8 27. Ne4 Kg7 28. f3 Ne3 29. Bb3 f5 30. Ng3 Kg6 31. Re1 Rd2 32. Ra2 Rxa2 33. Bxa2 Nd5 34. Rxe7 Nxe7 35. f4 Be6 36. Bb1 Nd5 37. Ne2 Kf6 38. Kf2 Nb6 39. Nd4 Nc4 40. a4 Nd6 41. h3 Bd5 42. g4 fxg4 43. hxg4 h6 44. Kg3 b6 45. Kh4 c5 46. bxc5 bxc5 47. Ne2 a5 48. Nc3 Bc6 49. Bc2 Nc4 50. Be4 Bd7 51. Bd3 Nd6 52. Nd5+ Kg7 53. Nb6 Bc6 54. g5 hxg5+ 55. fxg5 f6 56. Kg4 fxg5 57. Kxg5 Kf7 58. Kf4 Ke6 59. Ke3 Ke7 60. Kf4 Kd8 61. Ke5 Kc7 62. Nd5+ 1/2-1/2

[Event "Montevideo Trebejos op 11"]
[Site "Montevideo"]
[Date "2016.11.17"]
[Round "3"]
[White "Lopez Falcon, Jorge"]
[Black "Benoit, Rodrigo"]
[Result "1-0"]
[WhiteElo "2176"]
[BlackElo "2113"]
[PlyCount "78"]
[EventDate "2016.11.14"]
[EventType "swiss"]
[EventRounds "7"]
[EventCountry "URU"]
[SourceTitle "EXT 2018"]
[Source "ChessBase"]
[SourceDate "2017.10.13"]
[SourceVersion "1"]
[SourceVersionDate "2017.10.13"]
[SourceQuality "1"]

1. d4 f5 2. Nf3 Nf6 3. g3 g6 4. Bg2 Bg7 5. c4 0-0 6. Nc3 d6 7. 0-0 Nc6 8. d5 Na5 9. Qa4 c5 10. dxc6 Nxc6 11. Rd1 Bd7 12. c5 dxc5 13. Qc4+ Kh8 14. Qxc5 Qe8 15. Bf4 Rc8 16. Rac1 Ne4 17. Qd5 Nf6 18. Qb5 b6 19. Qa4 e5 20. Bg5 e4 21. Nd4 Nxd4 22. Qxd4 Bc6 23. Qb4 Ng4 24. h3 Ne5 25. Rc2 Bb7 26. Rcd2 Bc6 27. Be7 a5 28. Qd6 Nc4 29. Bxf8 Nxd6 30. Bxg7+ Kxg7 31. Rxd6 Qe5 32. e3 b5 33. R1d4 b4 34. Ne2 g5 35. Bf1 Qc5 36. h4 h6 37. h5 Be8 38. R4d5 Qa7 39. Nd4 Rc5 1-0

[Event "Montevideo Trebejos op 11"]
[Site "Montevideo"]
[Date "2016.11.16"]
[Round "2"]
[White "Benoit, Rodrigo"]
[Black "Toledo, Javier"]
[Result "1-0"]
[WhiteElo "2113"]
[BlackElo "1811"]
[PlyCount "61"]
[EventDate "2016.11.14"]
[EventType "swiss"]
[EventRounds "7"]
[EventCountry "URU"]
[SourceTitle "EXT 2018"]
[Source "ChessBase"]
[SourceDate "2017.10.13"]
[SourceVersion "1"]
[SourceVersionDate "2017.10.13"]
[SourceQuality "1"]

1. e4 g6 2. d4 Bg7 3. Nf3 d6 4. h3 a6 5. a4 b6 6. Bc4 e6 7. Qe2 Bb7 8. Nc3 Nd7 9. 0-0 Ne7 10. Bf4 0-0 11. Rad1 d5 12. Bb3 dxe4 13. Nxe4 Nd5 14. Bg3 h6 15. c4 Nb4 16. Rfe1 Re8 17. Ne5 Qe7 18. f4 Rad8 19. Bf2 Nxe5 20. fxe5 Bxe4 21. Qxe4 c5 22. a5 bxa5 23. Ba4 Rf8 24. dxc5 Rc8 25. Rd6 Qg5 26. h4 Qf5 27. c6 f6 28. Qxf5 exf5 29. e6 Rfd8 30. Rxd8+ Rxd8 31. e7 1-0

[Event "Montevideo Trebejos op 11"]
[Site "Montevideo"]
[Date "2016.11.14"]
[Round "1"]
[White "Rocca, Jose"]
[Black "Benoit, Rodrigo"]
[Result "0-1"]
[WhiteElo "1645"]
[BlackElo "2113"]
[PlyCount "74"]
[EventDate "2016.11.14"]
[EventType "swiss"]
[EventRounds "7"]
[EventCountry "URU"]
[SourceTitle "EXT 2018"]
[Source "ChessBase"]
[SourceDate "2017.10.13"]
[SourceVersion "1"]
[SourceVersionDate "2017.10.13"]
[SourceQuality "1"]

1. d4 Nf6 2. c4 g6 3. Nc3 d5 4. cxd5 Nxd5 5. e4 Nxc3 6. bxc3 Bg7 7. Nf3 c5 8. Bb5+ Bd7 9. Bxd7+ Qxd7 10. 0-0 0-0 11. Be3 Na6 12. Qb3 cxd4 13. Bxd4 Qc6 14. e5 e6 15. Qc2 Rfd8 16. Qe2 Nc7 17. c4 b6 18. Be3 Qe4 19. Qb2 Na6 20. Bg5 Rdc8 21. Rac1 Nc5 22. Qc2 Qxc2 23. Rxc2 Nd7 24. Re1 Rc5 25. Bf4 Rac8 26. Rd2 Nb8 27. Red1 h6 28. Rd8+ Kh7 29. Rxc8 Rxc8 30. Rd4 Kg8 31. Kf1 Kf8 32. Ke2 Ke8 33. Kd2 Nc6 34. Re4 Bf8 35. Kc3 Nb4 36. Kb3 Nd3 37. Re2 Nxf4 0-1

[Event "Montevideo Trebejos op 09"]
[Site "Montevideo"]
[Date "2016.10.10"]
[Round "5"]
[White "Benoit, Rodrigo"]
[Black "Pichuaga, Juan Pablo"]
[Result "1-0"]
[WhiteElo "2097"]
[BlackElo "2107"]
[PlyCount "93"]
[EventDate "2016.09.28"]
[EventType "swiss"]
[EventRounds "7"]
[EventCountry "URU"]
[SourceTitle "EXT 2018"]
[Source "ChessBase"]
[SourceDate "2017.10.13"]
[SourceVersion "1"]
[SourceVersionDate "2017.10.13"]
[SourceQuality "1"]

1. d4 e6 2. c4 Nf6 3. Bf4 Bb4+ 4. Nd2 Ne4 5. Ngf3 Nxd2 6. Nxd2 Nc6 7. e3 d6 8. a3 Bxd2+ 9. Qxd2 0-0 10. Be2 e5 11. Bg3 exd4 12. exd4 Re8 13. d5 Ne5 14. 0-0 Bf5 15. Rac1 Nd7 16. b4 b6 17. Bf4 a5 18. Be3 axb4 19. axb4 h6 20. Rc3 Ra4 21. Bd4 Qh4 22. Bd1 Raa8 23. Rg3 f6 24. Be3 Qxc4 25. Bxh6 Re7 26. Re1 Rae8 27. Rxg7+ Rxg7 28. Rxe8+ Kf7 29. Qe3 Ne5 30. Bxg7 Kxe8 31. Bxf6 Qxd5 32. Bh5+ Kd7 33. h3 Be4 34. f3 Bf5 35. f4 Qd3 36. Qf2 Nc4 37. Be2 Qc2 38. Kh2 b5 39. Bd4 d5 40. Bg4 Qe4 41. Be2 Na3 42. Be5 Kc6 43. Qc5+ Kd7 44. Qxc7+ Ke6 45. Qd6+ Kf7 46. Bh5+ Kg8 47. Qd8+ 1-0

[Event "Montevideo Trebejos op 09"]
[Site "Montevideo"]
[Date "2016.09.29"]
[Round "2"]
[White "Benoit, Rodrigo"]
[Black "Vinella, Marcelo"]
[Result "1-0"]
[WhiteElo "2097"]
[BlackElo "1776"]
[PlyCount "64"]
[EventDate "2016.09.28"]
[EventType "swiss"]
[EventRounds "7"]
[EventCountry "URU"]
[SourceTitle "EXT 2018"]
[Source "ChessBase"]
[SourceDate "2017.10.13"]
[SourceVersion "1"]
[SourceVersionDate "2017.10.13"]
[SourceQuality "1"]

1. d4 Nf6 2. c4 e6 3. g3 e5 4. dxe5 Ng4 5. Nf3 Bc5 6. e3 Nc6 7. Bg2 Ngxe5 8. Nxe5 Nxe5 9. 0-0 0-0 10. Nc3 d6 11. Na4 Bg4 12. Qc2 Nf3+ 13. Kh1 Qd7 14. Nxc5 dxc5 15. b3 Bh3 16. Qe4 Bxg2+ 17. Kxg2 Ng5 18. Qxb7 Rad8 19. h4 Qh3+ 20. Kg1 Ne6 21. Bb2 Rd2 22. Bc3 Rd3 23. Rac1 Rfd8 24. Qe4 R3d6 25. Qf3 Nf8 26. Rcd1 h6 27. Be5 Rxd1 28. Rxd1 Re8 29. Bxc7 Re6 30. Rd8 g5 31. Bd6 g4 32. Rxf8+ Kg7 1-0

[Event "Montevideo Trebejos op 09"]
[Site "Montevideo"]
[Date "2016.09.28"]
[Round "1"]
[White "Ferrari, Carlos"]
[Black "Benoit, Rodrigo"]
[Result "0-1"]
[WhiteElo "1706"]
[BlackElo "2097"]
[PlyCount "94"]
[EventDate "2016.09.28"]
[EventType "swiss"]
[EventRounds "7"]
[EventCountry "URU"]
[SourceTitle "EXT 2018"]
[Source "ChessBase"]
[SourceDate "2017.10.13"]
[SourceVersion "1"]
[SourceVersionDate "2017.10.13"]
[SourceQuality "1"]

1. e4 e5 2. Nf3 Nc6 3. Bb5 Nge7 4. Nc3 d6 5. h3 g6 6. d4 exd4 7. Qxd4 Rg8 8. Qd3 Bd7 9. Bg5 Nb4 10. Qe2 Bg7 11. a3 Bxc3+ 12. bxc3 Nxc2+ 13. Qxc2 Bxb5 14. c4 Bc6 15. 0-0 Qd7 16. Rfe1 0-0-0 17. a4 Rde8 18. Qc3 f5 19. e5 Bxf3 20. Qxf3 Nc6 21. exd6 Qxd6 22. Bf4 Qf6 23. a5 g5 24. Bd2 a6 25. Rab1 Rxe1+ 26. Rxe1 Qf7 27. Qb3 Nd4 28. Qc3 Qd7 29. Be3 Nc6 30. Rb1 f4 31. Bd2 g4 32. h4 g3 33. Qb2 gxf2+ 34. Kxf2 Nd8 35. Bxf4 Qf5 36. g3 Qxa5 37. Rd1 Qc5+ 38. Kg2 Ne6 39. Be5 Qxc4 40. Rc1 Qe4+ 41. Kh2 Rd8 42. Qc3 Rd3 43. Re1 Qd5 44. Qa1 Rd2+ 45. Kh3 h5 46. Rg1 Qe4 47. Bf4 Qf5+ 0-1